| 000 | 00592nam a2200193 i 4500 | ||
|---|---|---|---|
| 001 | 141359 | ||
| 003 | ES-MaACL | ||
| 005 | 20230906200258.0 | ||
| 007 | t| | ||
| 008 | 070921s1979 sp a |||| | spa d | ||
| 080 | _a737.1.032(460) | ||
| 100 | 1 |
_aVillaronga, Leandre. _9115129 |
|
| 245 | 1 | 0 |
_aNumismática antigua de Hispania _b: iniciación a su estudio / _cLeandre Villaronga. |
| 260 |
_aBarcelona : _bCymys, _c1979. |
||
| 300 |
_a350 p. : _bil. ; _c25 cm. |
||
| 650 | 1 | 4 |
_aMonedas antiguas- _zEspaña. _915162 |
| 650 | 1 | 4 |
_aNumismática- _zEspaña. _9140095 |
| 852 |
_aES-MaACL _jA-10833 |
||
| 999 |
_c141359 _d141359 |
||